| 000 | 00663nam a22002055i 4500 | ||
|---|---|---|---|
| 001 | 54116 | ||
| 003 | ES-MaACL | ||
| 007 | t| | ||
| 008 | 960710s1867 fr ||||1| fre d | ||
| 040 |
_aCAM _bspa _cCAM |
||
| 100 | 1 |
_aFeuillet, Octave. _950641 |
|
| 245 | 1 | 3 |
_aLe cas de conscience _b: comedie en un acte, en prose / _cpar Octave Feuillet. |
| 250 | _a2e éd. | ||
| 260 |
_aParis : _bMichel Lévy Frères, libraires éditeurs, _c1867 ( _fJ. Claye, imprimeur) |
||
| 300 |
_a31 p. ; _c19 cm. |
||
| 490 | 1 | _aOeuvres complètes d'Octave Feuillet | |
| 830 | 0 |
_aOeuvres complètes d'Octave Feuillet _9182483 |
|
| 852 |
_aES-MaACL _jT-729-F-1 |
||
| 999 |
_c54116 _d54116 |
||